The Bengal finance (sales tax) act, 1941, (Record no. 72845)

MARC details
000 -LEADER
fixed length control field 00779cam a22002411 4500
001 - CONTROL NUMBER
control field sa 67001770
003 - CONTROL NUMBER IDENTIFIER
control field DLC
005 - DATE AND TIME OF LATEST TRANSACTION
control field 20260227112325.0
008 - FIXED-LENGTH DATA ELEMENTS--GENERAL INFORMATION
fixed length control field 740328s1966 ii k 000 0 eng
010 ## - LIBRARY OF CONGRESS CONTROL NUMBER
LC control number sa 67001770
025 ## - OVERSEAS ACQUISITION NUMBER
Overseas acquisition number PL480:I-E-7345
040 ## - CATALOGING SOURCE
Original cataloging agency DLC
Transcribing agency DLC
Modifying agency DLC
050 00 - LIBRARY OF CONGRESS CALL NUMBER
Classification number KNU8801.2.A311941
Item number S26 1966
082 00 - DEWEY DECIMAL CLASSIFICATION NUMBER
Classification number 340
110 1# - MAIN ENTRY--CORPORATE NAME
Corporate name or jurisdiction name as entry element West Bengal.
Form subheading Laws, statutes, etc.
245 14 - TITLE STATEMENT
Title The Bengal finance (sales tax) act, 1941,
Remainder of title with the Bengal sales tax rules, 1941,
Statement of responsibility, etc. exhaustively annotated and amended upto date by J. N. Sanyal.
250 ## - EDITION STATEMENT
Edition statement [3d ed.]
260 ## - PUBLICATION, DISTRIBUTION, ETC.
Place of publication, distribution, etc. Calcutta,
Name of publisher, distributor, etc. Sarkar
Date of publication, distribution, etc. [1966]
300 ## - PHYSICAL DESCRIPTION
Extent vii, 184 p.
Other physical details forms.
Dimensions 20 cm.
350 ## - PRICE (NR) (BK AM CF MU VM SE) [OBSOLETE]
Price Rs6
650 #0 - SUBJECT ADDED ENTRY--TOPICAL TERM
Topical term or geographic name entry element Sales tax
General subdivision Law and legislation
Geographic subdivision India
-- West Bengal.
700 1# - ADDED ENTRY--PERSONAL NAME
Personal name Sanyal, J. N.,
Relator term ed.

No items available.

Powered by Koha